Русская мысль (Запись № 10642209)

Подробности
000 -МАРКЕР
контрольное поле 01303nas0a22003131i 4500
001 - ИДЕНТИФИКАТОР ЗАПИСИ
контрольное поле RU\NLR\DRGNLR\3971
005 - ИДЕНТИФИКАТОР ВЕРСИИ
контрольное поле 20240729012757.0
035 ## - ДРУГИЕ СИСТЕМНЫЕ НОМЕРА
Идентификатор записи (NLR Aleph) 010312543
100 ## - ДАННЫЕ ОБЩЕЙ ОБРАБОТКИ
Данные общей обработки 20080514b19071908u y0rusy50 ca
101 0# - ЯЗЫК РЕСУРСА
Язык текста, звукозаписи и т.д. русский
102 ## - СТРАНА ПУБЛИКАЦИИ ИЛИ ПРОИЗВОДСТВА
Страна публикации Российская Федерация
110 ## - ПОЛЕ КОДИРОВАННЫХ ДАННЫХ: ПРОДОЛЖАЮЩИЕСЯ РЕСУРСЫ
Кодированные данные продолжающегося ресурса cya||||||||
200 1# - ЗАГЛАВИЕ И СВЕДЕНИЯ ОБ ОТВЕТСТВЕННОСТИ
Основное заглавие Русская мысль
Первые сведения об ответственности Ред.-изд. А.С.Панкратов
210 ## - ПУБЛИКАЦИЯ, РАСПРОСТРАНЕНИЕ И ДР.
Место издания, распространения и т.д. М.
Дата издания, распространения и т.д. 1907, 7 нояб - 1908, [?]
311 ## - ПРИМЕЧАНИЯ, ОТНОСЯЩИЕСЯ К ПОЛЯМ СВЯЗИ (ПРИМЕЧАНИЯ О СВЯЗИ С ДРУГИМИ ПРОИЗВЕДЕНИЯМИ (ИЗДАНИЯМИ))
Текст примечания С марта 1910 изд. газ. "Правда" (см. )
488 #0 - ДРУГИЕ ВЗАИМОСВЯЗАННЫЕ ПРОИЗВЕДЕНИЯ (ДОКУМЕНТЫ)
Встроенное поле 001RU\NLR\DRGNLR\3643
-- 2001#$aПравда$fРед. Н.А.Поляков, Н.Л.Решетин
Системный номер (АБИС) связанной записи 10641128
Место публикации Владикавказ
Дата публикации 1906, 1 янв - 23 сент
Первые сведения об ответственности Ред. Н.А.Поляков, Н.Л.Решетин
Заглавие Правда
540 1# - ДОПОЛНИТЕЛЬНОЕ ЗАГЛАВИЕ, ПРИМЕНЯЕМОЕ КАТАЛОГИЗАТОРОМ
Заглавие Русская мысль
702 #1 - ИМЯ ЛИЦА - ВТОРИЧНАЯ ОТВЕТСТВЕННОСТЬ
Начальный элемент ввода Панкратов
Часть имени, кроме начального элемента ввода Ал-др Савв.
Код отношения Редактор
801 #0 - ИСТОЧНИК ЗАПИСИ
Страна Российская Федерация
Организация NLR
Дата составления 20080514
Правила каталогизации PSBO
Источник данных gzdor_isis
801 #2 - ИСТОЧНИК ЗАПИСИ
Страна Российская Федерация
Организация NLR
Дата составления 20080514
Правила каталогизации PSBO
Источник данных rusmarc
852 ## - МЕСТОНАХОЖДЕНИЕ И ШИФР ХРАНЕНИЯ
Идентификатор организации NLR
Шифр хранения (Call Number) 1-Сб/1-41
942 ## - ДОПОЛНИТЕЛЬНЫЕ ЭЛЕМЕНТЫ ЗАПИСИ (АБИС)
Тип экземпляра АБИС Газета
980 ## - КОЛЛЕКЦИЯ
Название коллекции Газеты России (1703 - 1917)

Нет доступных экземпляров.